000
00276nam a22001217a 4500
020
_a
978-0877628668
041
_a
ENG
100
_a
Plastics
245
_a
Plastics In Food Packaging
260
_a
Florida.
_b
mona Doyle President
_c
1996
650
_a
APE
856
_u
APE ( 03 )
999
_c
1686
_d
1686